LEADER 01150nam0-2200313 --450 001 9911038622503321 005 20251112163347.0 100 $a20251112d19471948kmuy0itay5050 ba 101 0 $afre 102 $aFR 105 $a 001yy 200 1 $a<>livre des plantes medicinales et veneneuses de France$e1500 especes par le texte et par l'image d'apres l'ensemble de nos connaissances actuelles$fpar P. Fournier$gpreface par Henri Leclerc 210 $aParis$cP. Lechevalier$d1947-1948 215 $a3 volumi$d25 cm. 225 1 $aEncyclopédie biologique$v32 327 $a1.: Abricot a coloquinte$a2.: Consoude a melon$a3.: Menthe a zacinthe 610 0 $aPiante medicinali$aFrancia 610 0 $aPiante velenose$aFrancia 676 $a581.634 700 1$aFournier,$bPaul$f<1877-1964>$01592505 801 0$aIT$bUNINA$gREICAT$2UNIMARC 901 $aBK 912 $a9911038622503321 952 $aE ARB 16-1$b03/4468/25$fFAGBC 952 $aE ARB 16-2$b03/4469/25$fFAGBC 952 $aE ARB 16-3$b03/4470/25$fFAGBC 959 $aFAGBC 996 $aLivre des plantes medicinales et veneneuses de France$94453970 997 $aUNINA